LotR characters by their last words - Book Version - Statistics

General Stats
  • This quiz has been taken 116 times
  • The average score is 7 of 12
Answer Stats
Hint Answer % Correct
"Precious, precious, precious! My precious! O my precious!" Gollum
100%
"Farewell, Aragorn! Go to Minas Tirith and save my people! I have failed." Boromir
99%
"Hail, King of the Mark! Ride now to victory! Bid Eowyn farewell!" Theoden
93%
"Hinder me? Thou fool. No living man may hinder me!" The Witchking
80%
"You do what Sharkey says, always, don't you, Worm? Well, now he says: follow!" Saruman
77%
"I don't care, I have given you a present already, more than I could afford. I found this, and I'm going to keep it." Deagol
74%
"You told me to; you made me do it." Grima
54%
"Let me lie here – to keep the ford until Éomer comes." Theodred
42%
"I don't need the help of your legs to get you away - and have you all to myself!" Grishnakh
36%
"Come hither! Come, if you are not all recreant!" Denethor
31%
"In sorrow we must go, but not in despair. Behold! We are not bound for ever to the circles of the world, and beyond them is more than a memory. Farewell!" Aragorn
30%
"If you don't want the fun to begin right now, keep your trap shut, see? There's a reminder for you!" Snaga
14%
No matching quizzes found
Score Distribution
Percent of People with Each Score
Percentile by Number Answered
Your Score History
You have not taken this quiz